[Event "Malaga Region-ch"]
[Site "Malaga"]
[Date "2013.01.19"]
[Round "4"]
[White "Nava Baro, Enrique"]
[Black "Echaniz de Fays, Constantino Jose"]
[Result "1/2-1/2"]
[WhiteElo "2128"]
[BlackElo "1853"]
[PlyCount "49"]
[EventDate "2013.01.12"]
[EventType "swiss"]
[EventRounds "9"]
[EventCountry "ESP"]
[SourceTitle "CBM 152 Extra"]
[Source "ChessBase"]
[SourceDate "2013.02.25"]
[SourceVersion "1"]
[SourceVersionDate "2013.02.25"]
[SourceQuality "1"]

1. Nf3 Nf6 2. c4 c6 3. d4 d5 4. e3 e6 5. Bd3 Nbd7 6. b3 dxc4 7. bxc4 e5 8. dxe5 Nxe5 9. Nxe5 Qa5+ 10. Bd2 Qxe5 11. Bc3 Bb4 12. Qc2 Bxc3+ 13. Qxc3 Qg5 14. g3 0-0 15. Nd2 Bh3 16. Ne4 Nxe4 17. Bxe4 Rfe8 18. Bf3 Rad8 19. Ke2 Bg4 20. Bxg4 Qxg4+ 21. Kf1 Qh3+ 22. Ke2 Qg4+ 23. Kf1 Qh3+ 24. Ke2 Qg4+ 25. Kf1 1/2-1/2

[Event "Doeberl Cup Premier 50th"]
[Site "Canberra"]
[Date "2012.04.07"]
[Round "5"]
[White "Nava Baro, Enrique"]
[Black "Champion, Patrick"]
[Result "1-0"]
[WhiteElo "2173"]
[BlackElo "1962"]
[PlyCount "64"]
[EventDate "2012.04.05"]
[EventType "swiss"]
[EventRounds "9"]
[EventCountry "AUS"]
[SourceTitle "EXT 2023"]
[Source "ChessBase"]
[SourceDate "2022.10.05"]
[SourceVersion "1"]
[SourceVersionDate "2022.10.05"]
[SourceQuality "1"]

1. d4 Nf6 2. c4 c5 3. Nf3 cxd4 4. Nxd4 e5 5. Nb5 d5 6. cxd5 Bc5 7. N5c3 0-0 8. e3 e4 9. a3 a6 10. b4 Bd6 11. Ra2 Bf5 12. Rd2 Nbd7 13. h3 Ne5 14. Qb3 Rc8 15. Bb2 Qe7 16. b5 Nfd7 17. Na4 Bg6 18. bxa6 bxa6 19. Bxa6 Rb8 20. Qd1 f5 21. Bd4 f4 22. Nb2 Nd3+ 23. Nxd3 exd3 24. Bxd3 fxe3 25. Bxe3 Qxe3+ 26. fxe3 Bg3+ 27. Rf2 Rxf2 28. Bxg6 hxg6 29. Nd2 Ne5 30. Ne4 Rbb2 31. Nxg3 Rxg2 32. Nf1 Rgf2 1-0

[Event "Malaga-ch"]
[Site "Malaga"]
[Date "2012.02.05"]
[Round "9"]
[White "Nava Baro, Enrique"]
[Black "Morales de la Rosa, Enrique"]
[Result "1-0"]
[WhiteElo "2205"]
[BlackElo "1968"]
[PlyCount "69"]
[EventDate "2012.01.14"]
[EventType "swiss"]
[EventRounds "9"]
[EventCountry "ESP"]
[SourceTitle "CBM 146 Extra"]
[Source "ChessBase"]
[SourceDate "2012.02.29"]
[SourceVersion "1"]
[SourceVersionDate "2012.02.29"]
[SourceQuality "1"]

1. d4 Nf6 2. c4 g6 3. Nc3 Bg7 4. e4 d6 5. Be3 0-0 6. Nf3 e5 7. dxe5 dxe5 8. Qxd8 Rxd8 9. Nd5 Nxd5 10. cxd5 c6 11. Bc4 cxd5 12. Bxd5 h6 13. Rc1 Na6 14. a3 Re8 15. 0-0 Nb8 16. Rc7 Nd7 17. Rfc1 Rf8 18. Nd2 Nf6 19. Bxb7 Bxb7 20. Rxb7 Rab8 21. Rxb8 Rxb8 22. b4 Rd8 23. f3 Rd3 24. Nc4 a6 25. Kf2 Ne8 26. Ke2 Rb3 27. Kd2 a5 28. Nxa5 Rxa3 29. Rc8 Ra2+ 30. Kd3 Ra3+ 31. Kd2 Ra2+ 32. Kc3 Rxg2 33. Rxe8+ Kh7 34. b5 Re2 35. Nc4 1-0

[Event "Malaga op 13th"]
[Site "Malaga"]
[Date "2010.02.26"]
[Round "8"]
[White "Karim, Ismael"]
[Black "Nava Baro, Enrique"]
[Result "1/2-1/2"]
[WhiteElo "2386"]
[BlackElo "2208"]
[PlyCount "45"]
[EventDate "2010.02.20"]
[EventType "swiss"]
[EventRounds "9"]
[EventCountry "ESP"]
[SourceTitle "CBM 135 Extra"]
[Source "ChessBase"]
[SourceDate "2010.05.04"]
[SourceVersion "1"]
[SourceVersionDate "2010.05.04"]
[SourceQuality "1"]

1. d4 d5 2. Nf3 e6 3. c4 c6 4. e3 Nf6 5. Nc3 Nbd7 6. Qc2 Bd6 7. Bd3 0-0 8. 0-0 dxc4 9. Bxc4 e5 10. Rd1 Qe7 11. h3 h6 12. Nh4 Nb6 13. Ng6 Qc7 14. Bb3 Re8 15. dxe5 Bxe5 16. Nxe5 Qxe5 17. Qe2 Be6 18. Bd2 Bxb3 19. axb3 a6 20. Be1 Rad8 21. Rxd8 Rxd8 22. Rd1 Qe7 23. Rxd8+ 1/2-1/2

[Event "Malaga op 8th"]
[Site "Campillos"]
[Date "2005.02.20"]
[Round "2"]
[White "Nava Baro, Enrique"]
[Black "Javakhishvili, Lela"]
[Result "0-1"]
[WhiteElo "2218"]
[BlackElo "2456"]
[PlyCount "54"]
[EventDate "2005.02.19"]
[EventType "swiss"]
[EventRounds "9"]
[EventCountry "ESP"]
[SourceTitle "CBM 104 Extra"]
[Source "ChessBase"]
[SourceDate "2005.03.01"]
[SourceVersion "1"]
[SourceVersionDate "2005.03.01"]
[SourceQuality "1"]

1. d4 Nf6 2. c4 e6 3. Nc3 Bb4 4. Qc2 d5 5. a3 Bxc3+ 6. Qxc3 0-0 7. Nf3 b6 8. cxd5 Nxd5 9. Qc2 Ba6 10. g3 Nd7 11. b4 c5 12. dxc5 bxc5 13. Ng5 N5f6 14. bxc5 Qa5+ 15. Qd2 Qxd2+ 16. Bxd2 Nxc5 17. Bg2 Rac8 18. Be3 Ng4 19. Bf4 e5 20. Bf3 Nh6 21. Be3 Nf5 22. Ne4 Nb3 23. Rd1 Nfd4 24. Rb1 Rc2 25. Kd1 Rfc8 26. Nd6 R8c3 27. Bxd4 Rc1+ 0-1

[Event "Malaga-ch"]
[Site "Malaga"]
[Date "2005.02.12"]
[Round "7"]
[White "Nava Baro, Enrique"]
[Black "Rubio Doblas, Ricardo"]
[Result "1-0"]
[WhiteElo "2218"]
[BlackElo "2090"]
[PlyCount "67"]
[EventDate "2005.01.22"]
[EventType "swiss"]
[EventRounds "9"]
[EventCountry "ESP"]
[SourceTitle "CBM 105 Extra"]
[Source "ChessBase"]
[SourceDate "2005.05.01"]
[SourceVersion "1"]
[SourceVersionDate "2005.05.01"]
[SourceQuality "1"]

1. Nf3 d5 2. g3 Nf6 3. Bg2 g6 4. b4 Bg7 5. Bb2 0-0 6. 0-0 c6 7. d3 Nbd7 8. Nbd2 Re8 9. c4 e5 10. cxd5 Nxd5 11. Qb3 a5 12. bxa5 Rxa5 13. Nc4 Rb5 14. Qc2 Qc7 15. Nfd2 N7b6 16. a4 Rb4 17. e4 Nxc4 18. Nxc4 b5 19. Na3 Nb6 20. axb5 c5 21. Rfc1 Na4 22. Bc3 Nxc3 23. Qxc3 Bf8 24. Qxb4 cxb4 25. Rxc7 bxa3 26. f4 f6 27. fxe5 fxe5 28. h4 Be6 29. Kh2 Rb8 30. Bh3 Bb3 31. Rc8 Rxc8 32. Bxc8 Bc5 33. Bb7 Bc2 34. Rc1 1-0

[Event "Malaga-ch"]
[Site "Malaga"]
[Date "2005.01.22"]
[Round "1"]
[White "Nava Baro, Enrique"]
[Black "Ortega Gonzalez, Jose Luis"]
[Result "1-0"]
[WhiteElo "2218"]
[BlackElo "1920"]
[PlyCount "59"]
[EventDate "2005.01.22"]
[EventType "swiss"]
[EventRounds "9"]
[EventCountry "ESP"]
[SourceTitle "CBM 105 Extra"]
[Source "ChessBase"]
[SourceDate "2005.05.01"]
[SourceVersion "1"]
[SourceVersionDate "2005.05.01"]
[SourceQuality "1"]

1. d4 f5 2. Bg5 g6 3. h4 Bg7 4. Nc3 Nf6 5. Qd2 h6 6. Bf4 d6 7. 0-0-0 c6 8. f3 b5 9. e4 fxe4 10. fxe4 b4 11. Nb1 a5 12. Bd3 Ng4 13. e5 Bf5 14. exd6 exd6 15. Re1+ Kd7 16. Bxf5+ gxf5 17. Bxd6 h5 18. Bf4 Kc8 19. Nf3 Na6 20. Re6 Qd5 21. Rhe1 Bf6 22. Rd6 Qxa2 23. Qd3 Kb7 24. Qxf5 Qc4 25. Nbd2 Qb5 26. Rd7+ Kb6 27. Qxb5+ Kxb5 28. Rb7+ Ka4 29. b3+ Ka3 30. Kb1 1-0

[Event "IECG TE.2004.P.01510"]
[Site "IECG email"]
[Date "2004.06.17"]
[Round "?"]
[White "Daelemans, Hugo"]
[Black "Nava Baro, Enrique"]
[Result "0-1"]
[WhiteElo "800"]
[BlackElo "2122"]
[PlyCount "68"]
[EventDate "2004.06.17"]
[EventType "tourn (corr)"]
[EventRounds "8"]
[SourceTitle "Corr 2008"]
[Source "ChessBase"]
[SourceDate "2008.06.24"]
[SourceVersion "1"]
[SourceVersionDate "2008.06.24"]
[SourceQuality "1"]

1. e4 e6 2. d4 d5 3. Nc3 Nf6 4. Bg5 Bb4 5. e5 h6 6. Be3 Ne4 7. Nf3 Nxc3 8. Qd3 Ne4+ 9. c3 Be7 10. Be2 0-0 11. 0-0 c5 12. a3 b6 13. dxc5 Ba6 14. Qc2 Bxe2 15. Qxe2 bxc5 16. c4 Qc7 17. Bc1 Nc6 18. Re1 Nxe5 19. Bf4 Nxf3+ 20. Qxf3 Bd6 21. Be3 Bxh2+ 22. Kh1 Be5 23. Bc1 Qe7 24. g3 Qf6 25. Kg2 Rab8 26. Re2 Bd4 27. Rc2 Qg6 28. Re2 Rfe8 29. a4 Rb4 30. cxd5 exd5 31. a5 Reb8 32. Qa3 Rb3 33. Qa2 Rxg3+ 34. Kf1 Rg1# 0-1

[Event "IECG TE.2004.P.01510"]
[Site "IECG email"]
[Date "2004.06.17"]
[Round "?"]
[White "Nava Baro, Enrique"]
[Black "Daelemans, Hugo"]
[Result "1-0"]
[WhiteElo "2122"]
[BlackElo "800"]
[PlyCount "31"]
[EventDate "2004.06.17"]
[EventType "tourn (corr)"]
[EventRounds "8"]
[SourceTitle "Corr 2008"]
[Source "ChessBase"]
[SourceDate "2008.06.24"]
[SourceVersion "1"]
[SourceVersionDate "2008.06.24"]
[SourceQuality "1"]

1. e4 e6 2. d4 d5 3. Nc3 Nf6 4. Bg5 Bb4 5. e5 h6 6. Bd2 Ne4 7. Nxe4 Be7 8. Ng3 Nc6 9. Qg4 0-0 10. Bxh6 g5 11. c3 Re8 12. Nh3 a6 13. Nxg5 Bxg5 14. Bxg5 Qd7 15. Bh6+ Kh7 16. Qg7# 1-0

[Event "CFriend SH-2004-0-00018 email"]
[Site "Chessfriend.com"]
[Date "2004.02.28"]
[Round "?"]
[White "Andersen, Lars Kirstein"]
[Black "Nava Baro, Enrique"]
[Result "1-0"]
[WhiteElo "2158"]
[BlackElo "2122"]
[PlyCount "61"]
[EventDate "2004.02.28"]
[EventType "tourn (corr)"]
[EventRounds "12"]
[SourceTitle "Corr 2008"]
[Source "ChessBase"]
[SourceDate "2008.06.24"]
[SourceVersion "1"]
[SourceVersionDate "2008.06.24"]
[SourceQuality "1"]

1. d4 d5 2. c4 e6 3. Nc3 Nf6 4. cxd5 exd5 5. Bg5 c6 6. e3 Be7 7. Qc2 Nbd7 8. Bd3 0-0 9. Nge2 Re8 10. 0-0 Nf8 11. f3 g6 12. Rae1 Ne6 13. Bh4 Nh5 14. Bxe7 Qxe7 15. Kh1 Bd7 16. a3 Qd6 17. e4 Nhf4 18. e5 Qe7 19. Nxf4 Nxf4 20. Ne2 Nxd3 21. Qxd3 Qg5 22. f4 Qf5 23. Qd2 Qg4 24. Ng3 f5 25. exf6 b6 26. Re5 Rf8 27. Qe1 Rae8 28. Ne2 Bc8 29. Rf3 Qd7 30. Rfe3 Qf7 31. Qh4 1-0

[Event "CFriend SH-2004-0-00018 email"]
[Site "Chessfriend.com"]
[Date "2004.02.28"]
[Round "?"]
[White "Nava Baro, Enrique"]
[Black "Makowski, Tomasz"]
[Result "1-0"]
[WhiteElo "2101"]
[BlackElo "1852"]
[PlyCount "103"]
[EventDate "2004.02.28"]
[EventType "tourn (corr)"]
[EventRounds "12"]
[SourceTitle "Corr 2008"]
[Source "ChessBase"]
[SourceDate "2008.06.24"]
[SourceVersion "1"]
[SourceVersionDate "2008.06.24"]
[SourceQuality "1"]

1. e4 c5 2. Nf3 Nc6 3. d4 cxd4 4. Nxd4 e6 5. Nc3 Qc7 6. Be3 a6 7. Bd3 b5 8. 0-0 Nf6 9. Nxc6 Qxc6 10. a3 Bb7 11. Qe2 b4 12. axb4 Bxb4 13. Ra4 a5 14. Bb5 Qc7 15. Bd4 e5 16. Nd5 Nxd5 17. exd5 0-0 18. Qxe5 Qxe5 19. Bxe5 d6 20. Bf4 Bxd5 21. c3 Rfb8 22. cxb4 Rxb5 23. Rxa5 Rxb4 24. Rxd5 Rxf4 25. Rxd6 Rb4 26. Rfd1 Kf8 27. Rd8+ Rxd8 28. Rxd8+ Ke7 29. Rd2 f5 30. Kf1 Ke6 31. Ke2 Rb3 32. Kd1 g5 33. Kc2 Rb8 34. Rd4 Rc8+ 35. Kd2 Ke5 36. Rd3 Rb8 37. b3 f4 38. Kc3 Rc8+ 39. Kb2 Rb8 40. Rc3 Kd5 41. Rc7 h6 42. Kc3 Re8 43. b4 Re2 44. Rd7+ Kc6 45. Rd2 Re1 46. f3 Rh1 47. h3 Re1 48. h4 Re3+ 49. Rd3 Re2 50. hxg5 hxg5 51. Rd2 Re1 52. Ra2 1-0

[Event "Malaga op 7th"]
[Site "Campillos"]
[Date "2004.02.26"]
[Round "7"]
[White "Nava Baro, Enrique"]
[Black "Gavilan Diaz, Mario"]
[Result "1-0"]
[WhiteElo "2207"]
[BlackElo "1999"]
[PlyCount "91"]
[EventDate "2004.02.21"]
[EventType "swiss"]
[EventRounds "9"]
[EventCountry "ESP"]
[SourceTitle "CBM 098 Extra"]
[Source "ChessBase"]
[SourceDate "2004.03.10"]
[SourceVersion "2"]
[SourceVersionDate "2004.03.10"]
[SourceQuality "1"]

1. Nf3 Nf6 2. g3 g6 3. Bg2 Bg7 4. 0-0 0-0 5. d4 d6 6. c4 Nbd7 7. Nc3 e5 8. e4 Re8 9. d5 Nc5 10. Qc2 a5 11. h3 Nh5 12. Bd2 f5 13. Rae1 Nf6 14. Kh2 Nfxe4 15. Nxe4 Nxe4 16. Rxe4 fxe4 17. Ng5 Rf8 18. g4 Bd7 19. Nxe4 b6 20. Bg5 Qe8 21. Qd2 Rf7 22. Kg1 Qf8 23. b3 Bc8 24. Rc1 Rf4 25. a3 Bh6 26. b4 Bxg5 27. Nxg5 Rd4 28. Qc2 axb4 29. axb4 Bd7 30. Nf3 Rf4 31. Ng5 Qe7 32. Ne4 Kg7 33. c5 bxc5 34. bxc5 Ra5 35. cxd6 cxd6 36. Qc7 Ra2 37. f3 Qf7 38. Nxd6 Qe7 39. Ne4 Qf7 40. Qxe5+ Kg8 41. d6 Ra8 42. Rc7 Re8 43. Qb2 Qe6 44. Qd2 Rff8 45. Bf1 Rd8 46. Bc4 1-0

[Event "Malaga-ch"]
[Site "Malaga"]
[Date "2004.01.31"]
[Round "7.8"]
[White "Nava Baro, Enrique"]
[Black "Dominguez Garcia, Francisco"]
[Result "1-0"]
[WhiteElo "2207"]
[BlackElo "2020"]
[PlyCount "56"]
[EventDate "2004.01.10"]
[EventType "swiss"]
[EventRounds "9"]
[EventCountry "ESP"]
[SourceTitle "CBM 098 Extra"]
[Source "ChessBase"]
[SourceDate "2004.03.10"]
[SourceVersion "2"]
[SourceVersionDate "2004.03.10"]
[SourceQuality "1"]

1. d4 d6 2. Nf3 g6 3. c4 Bg7 4. Nc3 e5 5. e4 exd4 6. Nxd4 Nc6 7. Be3 Nge7 8. Be2 0-0 9. 0-0 f5 10. Qd2 fxe4 11. Nxe4 Nf5 12. Nxc6 bxc6 13. Bg5 Qe8 14. Bd3 h6 15. Bf4 Qf7 16. Bg3 Be6 17. Rac1 Rae8 18. b3 Nd4 19. f3 c5 20. Nc3 Bf5 21. Be4 Bxe4 22. Nxe4 Be5 23. Rce1 Bxg3 24. hxg3 Kg7 25. g4 Re7 26. Re3 Qe8 27. Rfe1 a5 28. Nxd6 Rxe3 1-0